A REMEDIAL ENGLISH GRAMMER FOR FOREIGN STUDENTS (Record no. 9770)
[ view plain ]
| 000 -LEADER | |
|---|---|
| fixed length control field | 00456cam a2200181ua 4500 |
| 008 - FIXED-LENGTH DATA ELEMENTS--GENERAL INFORMATION | |
| fixed length control field | 160228n II |||gr||||Z||||||eng |
| 040 ## - CATALOGING SOURCE | |
| Original cataloging agency | MAIN |
| 041 ## - LANGUAGE CODE | |
| -- | English |
| 082 ## - DEWEY DECIMAL CLASSIFICATION NUMBER | |
| Classification number | 425 WOO |
| 100 ## - MAIN ENTRY--PERSONAL NAME | |
| Personal name | WOOD , F.T . |
| 245 ## - TITLE STATEMENT | |
| Title | A REMEDIAL ENGLISH GRAMMER FOR FOREIGN STUDENTS |
| 260 ## - PUBLICATION, DISTRIBUTION, ETC. | |
| Place of publication, distribution, etc. | PATNA: |
| Name of publisher, distributor, etc. | MACMILLAN INDIA LTD., |
| Date of publication, distribution, etc. | 1965. |
| 300 ## - PHYSICAL DESCRIPTION | |
| Extent | 213.: |
| Dimensions | 20CM. |
| 700 ## - ADDED ENTRY--PERSONAL NAME | |
| Personal name | WOOD , F.T ., |
| Relator term | AUTHOR., |
| 942 ## - ADDED ENTRY ELEMENTS (KOHA) | |
| Koha item type | Books |
| 653 ## - INDEX TERM--UNCONTROLLED | |
| Uncontrolled term | English grammar |
| Withdrawn status | Lost status | Damaged status | Not for loan | Collection code | Home library | Current library | Shelving location | Date acquired | Full call number | Barcode | Date last seen | Copy number | Price effective from | Koha item type | Public note |
|---|---|---|---|---|---|---|---|---|---|---|---|---|---|---|---|
| TBENG | Central Library and Information Centre Sibsagar Girls College | Central Library and Information Centre Sibsagar Girls College | ENGLISH BOOK RACK | 04.02.1984 | 425 WOO | 08640 | 27.02.2020 | 1 | 27.02.2020 | Books | V |